| 000 | 00444cam a22001457a 4500 | ||
|---|---|---|---|
| 008 | 180718b1984 xxu||||| |||| 00| 0 eng d | ||
| 082 | _aT19 B182 | ||
| 100 | _aBalakrishnan, C. | ||
| 245 |
_aReview of a mid-year review of the economy-1984 _cby C. Balakrishnan and Malcolm S. Adiseshiah |
||
| 260 |
_aNew Delhi _bIndia International Centre _c1984 |
||
| 300 | _a132p. | ||
| 650 | _aIndia | ||
| 650 | _aEconomy | ||
| 700 | _aAdiseshiah, Malcolm S. | ||
| 999 |
_c501017 _d501017 |
||